| 000 | 00446nam a22001577a 4500 | ||
|---|---|---|---|
| 999 |
_c8617 _d8617 |
||
| 003 | OSt | ||
| 008 | 200320b ||||| |||| 00| 0 eng d | ||
| 020 | _a9780323480543 | ||
| 100 | _aVinay Kumar, Abul K. Abbas, Jon C. Aster | ||
| 245 | _aRobbins Basic Pathology | ||
| 250 | _a10th (2018) | ||
| 260 |
_aNew Delhi _bElsevier India |
||
| 300 | _aHardcover: 935 pages, Dimensions: 26 x 3.7 x 29 cm | ||
| 650 | _aPathophysiology | ||
| 942 |
_2ddc _cBK _012 |
||